Diseño de una estrategia de prevención de re-embarazos adolescentes y jóvenes en la comunidad zona norte de Cartagena (Manzanillo del mar) Colombia, 2020. / (Registro nro. 4042)

Detalles MARC
000 -LEADER
fixed length control field 01699nam a2200289 i 4500
005 - DATE AND TIME OF LATEST TRANSACTION
control field 20250329165435.0
007 - PHYSICAL DESCRIPTION FIXED FIELD--GENERAL INFORMATION
fixed length control field ta
008 - FIXED-LENGTH DATA ELEMENTS--GENERAL INFORMATION
fixed length control field 190415s2020 000 0 eng d
040 ## - CATALOGING SOURCE
Original cataloging agency CO-CtgCURN
Language of cataloging spa
Transcribing agency coctgcurn
Description conventions rda
082 0# - DEWEY DECIMAL CLASSIFICATION NUMBER
Classification number ENF 2020
Item number A185
100 1# - MAIN ENTRY--PERSONAL NAME
Personal name Acosta Pérez, Lina Marcela,
Relator term author.
Relationship aut
245 10 - TITLE STATEMENT
Title Diseño de una estrategia de prevención de re-embarazos adolescentes y jóvenes en la comunidad zona norte de Cartagena (Manzanillo del mar) Colombia, 2020. /
Statement of responsibility, etc. Lina Marcela Acosta Pérez; América Ávila Gómez; Siara Sofía Pérez Sierra; Asesora Sandra Lorena Vallejo Arias.
260 ## - PUBLICATION, DISTRIBUTION, ETC.
Place of publication, distribution, etc. Cartagena de Indias :
Name of publisher, distributor, etc. Corporación Universitaria Rafael Núñez,
Date of publication, distribution, etc. 2020.
300 ## - PHYSICAL DESCRIPTION
Extent 144 hojas.
336 ## - CONTENT TYPE
Content type term text
Content type code txt
Source rdacontent
337 ## - MEDIA TYPE
Media type term unmediated
Media type code n
Source rdamedia
338 ## - CARRIER TYPE
Carrier type term volume
Carrier type code nc
Source rdacarrier
504 ## - BIBLIOGRAPHY, ETC. NOTE
Bibliography, etc. note Trabajo de grado (Enfermera). Corporación Universitaria Rafael Nuñez. Facultad de Ciencias de la Salud. Programa de Enfermería, 2020.
520 ## - SUMMARY, ETC.
Summary, etc. "La adolescencia segn la OMS es el período de la vida comprendido entre los 10 y 19 años. Se divide en tres etapas, con características diferentes, con formas distintas de enfrentar la sexualidad y un embarazo."
650 #0 - SUBJECT ADDED ENTRY--TOPICAL TERM
Topical term or geographic name entry element Enfermería
Form subdivision Tesis y disertaciones academicas.
700 1# - ADDED ENTRY--PERSONAL NAME
Personal name Ávila Gómez, América.
700 1# - ADDED ENTRY--PERSONAL NAME
Personal name Pérez Sierra, Siara Sofía.
700 1# - ADDED ENTRY--PERSONAL NAME
Personal name Vallejo Arias, Sandra Lorena,
Relator term asesora.
856 ## - ELECTRONIC LOCATION AND ACCESS
Uniform Resource Identifier <a href="https://unicurn.sharepoint.com/:b:/s/biblioteca/Efs0iA9OUUFGqr9z3v5tbL4BJ588Jlo28FPUWYPe7bs0XA?e=r4SJyE">https://unicurn.sharepoint.com/:b:/s/biblioteca/Efs0iA9OUUFGqr9z3v5tbL4BJ588Jlo28FPUWYPe7bs0XA?e=r4SJyE</a>
Public note Click aqui para ver el recurso en texto completo
942 ## - ADDED ENTRY ELEMENTS (KOHA)
Source of classification or shelving scheme Dewey Decimal Classification
Koha item type Trabajos de grado
Classification part TSO 2020
Item part A185
Existencias
Withdrawn status Lost status Source of classification or shelving scheme Damaged status Not for loan Collection Home library Current library Shelving location Date acquired Source of acquisition Cost, normal purchase price Inventory number Total checkouts Full call number Barcode Date last seen Price effective from Koha item type
    Dewey Decimal Classification     Trabajos de grado Miguel Henríquez Emiliani Miguel Henríquez Emiliani Trabajo de grado 06/01/2019 El autor 350000.00 023346   ENF 2020 A185 023346 06/20/2019 06/20/2019 Trabajos de grado